| 000 | 00453nam a2200181Ia 4500 | ||
|---|---|---|---|
| 001 | 15034 | ||
| 005 | 20260306164958.0 | ||
| 008 | 260306t2012||||xx |||||||||||||| ||spa|| | ||
| 041 | _aESP | ||
| 082 |
_a526.9 _bF41 |
||
| 100 |
_aFernández García, Silvino _eAUT |
||
| 245 | 0 | _aTopografía y geomática básicas en ingeniería | |
| 260 | _c2012 | ||
| 300 |
_a362 páginas : _c24 cm. |
||
| 650 | _aGEN | ||
| 654 | _aCIC | ||
| 942 |
_cLIB _dJUS _fJUS _2ddc _n |
||
| 999 |
_c15034 _d15034 |
||